00828nam a2200229Ia 4500001000600000003000500006008004100011010001100052020001800063040000900081082001400090100002300104245010400127260005800231300001700289503012500306504003800431650004400469650002300513700003300536700002900569Z_887CHAP220113s1989 xx 000 0 und d a163962 a0-13-752791-8 cCHAP a633.2 H65 aHolechek, Jerry L. aRange management: principles and practices /cJerry L. Holechek, Rex D. Pieger y Carlton H. Herbel aEstados Unidos de América :bPrentice. Hall,c1989 axvii, 501 p. aej.1: 146357 \ ej.2. fotocopia \ ej.3: fotocopia \ ej.4. fotocopia \ ej.5: fotocopia \ ej.6. fotocopia \ ej.7: fotocopia aIncluye bibliografía e índice aPastizalesxEstados Unidos de América aPastizalesxManejo a Herbert, Carlton H., coaut. aPieger, Rex. D., coaut.